00323nam a2200121 a 4500001000400000003000500004005001700009008004100026040002000067100003100087245006300118260002000181340CDMR20130116135153.0130130s1971||||||||||||||||||||||||||||d aCDMRbcatcCDMR1 aSolteras García, Alfonso10aBarcelona 1909 en la prensa localcAlfonso Solteras Garcia aBarcelonac1971